Konkurencieschopnosť slovenských firiem vinárskeho priemyslu

Tvorba koeficientu konkurencieschopnosti, opis použitej podstaty koeficientu, súboru potrebných údajov, výpočet príslušnej miery a interpretácia hodnôt.

Na minha lista:
Detalhes bibliográficos
Autor principal: Chajdiak, Jozef
Outros Autores: Coskun, Lucia
Formato: Capítulo de Livro
Idioma:eslovaco
Assuntos:
Tags: Adicionar Tag
Sem tags, seja o primeiro a adicionar uma tag!

MARC

LEADER 00000naa a2200000 4500
001 0208493
005 20220715093710.8
041 0 |a slo 
044 |a SK 
245 1 0 |a Konkurencieschopnosť slovenských firiem vinárskeho priemyslu  |c Jozef Chajdiak, Lucia Coscun 
520 |a Tvorba koeficientu konkurencieschopnosti, opis použitej podstaty koeficientu, súboru potrebných údajov, výpočet príslušnej miery a interpretácia hodnôt. 
610 2 0 |a konkurencieschopnosť 
610 2 0 |a víno 
610 2 0 |a vinohradníctvo 
610 2 0 |a súbory štatistické 
100 1 |a Chajdiak, Jozef 
700 1 |a Coskun, Lucia